The Americas Geography by Letter - K - Statistics

General Stats
  • This quiz has been taken 390 times
    281 since last reset
  • The average score is 10 of 20
Answer Stats
Clue Answer % Correct
Notoriously flat U.S. state Kansas
98%
State famous for its "Derby" Kentucky
97%
Capital of Jamaica Kingston
92%
Inuit version of a canoe Kayak
82%
Southernmost city in Florida Key West
79%
NASA space launch site in Florida {Kennedy} Space Center
73%
Canadian region of the 1896 gold rush Klondike
68%
This Alaskan island shares its name with a subspecies of bear Kodiak
65%
Capital of St. Vincent & the Grenadines Kingstown
64%
Tennesse city that hosted the 1982 World's Fair Knoxville
50%
City in Indiana / Beach Boys song Kokomo
50%
Nickname of Pennsylvania The {Keystone} State
49%
Location of the first airplane flight Kitty Hawk
44%
Ohio university where four protesters were killed in 1970 Kent State
41%
This invasive weed "ate the South" Kudzu
17%
Name any of the three National Parks in Alaska that start with the letter "K" Katmai / Kenai Fjords / Kobuk Valley
15%
Biggest city in the Okanagan Valley of the British Columbia Kelowna
14%
Ecuador's most-spoken native language Kichwa
11%
National Park in Sierra Nevada Kings Canyon
10%
Largest single-drop waterfall by volume in the world Kaieteur Falls
5%
No matching quizzes found
Score Distribution
Percent of People with Each Score
Percentile by Number Answered
Your Score History
You have not taken this quiz since the last reset